000 00580nam a2200181 i 4500
001 100965
003 ES-MaACL
005 20231207192711.0
007 t|
008 051010s1961 sp ||||1| spa d
100 1 _aMauleón Isla, Mercedes.
_979205
245 1 3 _aLa población de Bilbao en el siglo XVIII /
_cMercedes Mauleón Isla; prólogo de Vicente Palacio Atard.
260 _aValladolid :
_bUniversidad,
_c1961.
300 _a319 p. ;
_c24 cm.
700 1 _aPalacio Atard, Vicente,
_d1920-2013
_988374
852 _aES-MaACL
_jG-810
_bR.47924
999 _c100965
_d100965